ბათუმის შოთა რუსთაველის სახელმწიფო უნივერსიტეტის ბიბლიოთეკა

Вокруг света №6(2885) июнь 2014. (ბიბ.ჩანაწერი № 43161)

000 -LEADER
fixed length control field 00494nam a2200181Ia 4500
001 - CONTROL NUMBER
control field 9882
003 - CONTROL NUMBER IDENTIFIER
control field GE_BSU
008 - FIXED-LENGTH DATA ELEMENTS--GENERAL INFORMATION
fixed length control field 181216s||||||||xx |||||||||||||| ||und||
020 ## - INTERNATIONAL STANDARD BOOK NUMBER
International Standard Book Number 4620002390013
040 ## - CATALOGING SOURCE
Transcribing agency GE_BSU
245 ## - TITLE STATEMENT
Title Вокруг света №6(2885) июнь 2014.
245 ## - TITLE STATEMENT
Statement of responsibility, etc. Гл.ред.Александр Монахов
260 ## - PUBLICATION, DISTRIBUTION, ETC.
Place of publication, distribution, etc. Москва
260 ## - PUBLICATION, DISTRIBUTION, ETC.
Name of publisher, distributor, etc. ООО Вокруг света
300 ## - PHYSICAL DESCRIPTION
Extent 148стр.27см.
653 ## - INDEX TERM--UNCONTROLLED
Uncontrolled term Вокруг света
942 ## - ADDED ENTRY ELEMENTS (KOHA)
Koha item type პერიოდიკა
ეგზემპლარები
Withdrawn status Lost status Damaged status Not for loan Date acquired Barcode Date last seen Price effective from Koha item type
        2018-12-17 p76241 2018-12-17 2018-12-17 პერიოდიკა